| 000 | 00360 a2200157 4500 | ||
|---|---|---|---|
| 001 | 150821 | ||
| 040 | _cEscola São Tomás de Aquino | ||
| 100 | _aWEST, David | ||
| 240 | 1 | 0 |
_aPor que o céu é azul? _lpor |
| 245 | 1 | 0 | _aPor que o céu é azul? |
| 300 | _a62 | ||
| 362 | 0 | _a1996 | |
| 440 | 1 | _aMelhoramentos | |
| 697 | _aARTES E RECREAÇÃO | ||
| 942 | _cBK | ||
| 999 |
_c150821 _d150821 |
||